00714nam a2200205 a 45000010005000000030008000050050017000130080041000300350018000710400027000890410008001160820025001241000031001492450154001802600045003343000026003795040050004056500036004556500017004911386BD-RjUL20211208233329.0131125s1958 enk g 00| 0 eng d a(BD-RjUL)1408 aIAYcIAYdBD-RjULbeng aeng 219a111.85bBUP 19581 aBurke, Edmund,d1729-1797.12aA philosophical enquiry into the origin of our ideas of the sublime and beautiful /cEdmund Burke ; edited with an introd. and notes by J. T. Boulton aLondon :bRoutledge & Kegan Paul,cc1958 acxxx, 197 p. ;c23 cm aIncludes bibliographical references and index 0aAestheticsvEarly works to 1800 0aSublime, The